000 00417nam a2200145Ia 4500
008 151213s9999 xx 000 0 und d
100 _aW.O. Gandy , M. Dobrovolsky
245 _aContemporary Linguistics an Introduction
_cW.O. Gandy , M. Dobrovolsky
260 _aHarlow
_bPearson Edi
_cII
300 _a3646 p.
650 _aEnglish
650 _aEnglish
700 _aW.O. Gandy , M. Dobrovolsky
999 _c2433
_d2433